000 00251nam a22001217a 4500
020 _a13-978-351-03547-3
082 _a001
_bMEL/H
245 _aHIDDEN ANIMALS
260 _aNEW YORK
_bSCHOLASTIC
300 _a109
650 _aGK
_zNEW YORK
942 _cBK
999 _c6245
_d6245